Vista normal
Vista MARC
Entrada Personal Name
Número de registros utilizados en: 1
001 - CONTROL NUMBER
- control field: 17800
003 - CONTROL NUMBER IDENTIFIER
- control field: DLC
005 - DATE AND TIME OF LATEST TRANSACTION
- control field: 20260127111950.0
008 - FIXED-LENGTH DATA ELEMENTS
- fixed length control field: 800806n| azannaabn |a aaa
010 ## - LIBRARY OF CONGRESS CONTROL NUMBER
- LC control number: n 50045141
024 7# - OTHER STANDARD IDENTIFIER
- Standard number or code: 0000000122839446
- Source of number or code: isni
035 ## - SYSTEM CONTROL NUMBER
- System control number: (OCoLC)oca00080301
040 ## - CATALOGING SOURCE
- Original cataloging agency: DLC
- Language of cataloging: spa
- Description conventions: rda
- Transcribing agency: Mx-PuUPA
- Modifying agency: DLC
- Modifying agency: CCSC
- Modifying agency: NL-TiUL
- Modifying agency: OCoLC
- Modifying agency: NL-TiUL
- Modifying agency: Mx-PuUPA
046 ## - SPECIAL CODED DATES
- Birth date: 1896
- Death date: 1991
- Source of date scheme: edtf
100 1# - HEADING--PERSONAL NAME
- Personal name: Lubac, Henri de,
- Dates associated with a name: 1896-1991
374 ## - OCCUPATION
- Occupation: Teólogp
- Source of term: lcsh
374 ## - OCCUPATION
- Occupation: Autor
- Source of term: lcsh
375 ## - GENDER
- Gender: hombre
377 ## - ASSOCIATED LANGUAGE
- Language code: fre
400 1# - SEE FROM TRACING--PERSONAL NAME
- Personal name: De Lubac, Henri,
- Dates associated with a name: 1896-1991
400 1# - SEE FROM TRACING--PERSONAL NAME
- Personal name: Lubac, Henri Marie Joseph Sonier de
- Dates associated with a name: 1896-1991
400 1# - SEE FROM TRACING--PERSONAL NAME
- Personal name: Sonier de Lubac, Henri Marie Joseph
- Dates associated with a name: 1896-1991
670 ## - SOURCE DATA FOUND
- Source citation: Proudhon et le christianisme, 1945:
- Information found: (Henri de Lubac)
670 ## - SOURCE DATA FOUND
- Source citation: Die Einheit der Schrift und ... c1998:
- Information found: cover (Henri de Lubac (1896-1991))
670 ## - SOURCE DATA FOUND
- Source citation: NTA, viewed June 7, 2021
- Information found: (Henri Marie Joseph Sonier de Lubac; jesuit and theologian)